000 00595nam a2200205 4500
003 SEACOMEC
005 20240404131648.0
008 231006b |||||||| |||| 00| 0 eng d
020 _cRs. 170.00
040 _aSEACOMEC
082 _a621.381
_bB575
100 1 _aBhargava, N.N.
245 1 _aBasic Electronics and Linear circuits
_cN.N. Bhargava, D.C. Kulshreshtha and S.C. Gupta
260 _aNew Delhi
_bTata McGraw Hill
_c2006
650 _aApplied physics
650 _aElectronics, communications engineering
700 1 _aKulshreshtha, D.C.
700 1 _aGupta, S.C.
942 _cBOOK
999 _c112
_d112